| 000 | 00396nam a2200097Ia 4500 | ||
|---|---|---|---|
| 008 | 180130s9999 xx 000 0 und d | ||
| 245 |
_cKim, Tai-hoon _aApplying encryption schemed to supervisory control and data acquisition systems for security management |
||
| 260 | _c2016 | ||
| 300 | _aBook title: Information technology management--Acession number C20746; pages 92-101 | ||
| 650 | _aIT MANAGEMENT | ||
| 999 |
_c354263 _d354263 |
||